A week with elephants: proceedings of the international seminar on the conservation of Asian elephant (Record no. 400512)

000 -LEADER
fixed length control field 00572cam a22001697a 4500
008 - FIXED-LENGTH DATA ELEMENTS--GENERAL INFORMATION
fixed length control field 180718b1995 xxu||||| |||| 00| 0 eng d
020 ## - INTERNATIONAL STANDARD BOOK NUMBER
International Standard Book Number 0195638506
082 ## - DEWEY DECIMAL CLASSIFICATION NUMBER
Classification number Y7x54 D221
245 ## - TITLE STATEMENT
Title A week with elephants: proceedings of the international seminar on the conservation of Asian elephant
Statement of responsibility, etc. edited by J.C. Daniel and Hemant S. Datye
260 ## - PUBLICATION, DISTRIBUTION, ETC.
Place of publication, distribution, etc. Bombay
Name of publisher, distributor, etc. Bombay Natural History Society
Date of publication, distribution, etc. 1995
300 ## - PHYSICAL DESCRIPTION
Extent 535p.
650 ## - SUBJECT ADDED ENTRY--TOPICAL TERM
Topical term or geographic name entry element Wild life
650 ## - SUBJECT ADDED ENTRY--TOPICAL TERM
Topical term or geographic name entry element Natural resources - Elephants
650 ## - SUBJECT ADDED ENTRY--TOPICAL TERM
Topical term or geographic name entry element Forests - Asia
700 ## - ADDED ENTRY--PERSONAL NAME
Personal name Datye, Hemant S.
700 ## - ADDED ENTRY--PERSONAL NAME
Personal name Daniel, J.C.
Holdings
Withdrawn status Lost status Damaged status Not for loan Permanent Location Current Location Date acquired Full call number Barcode Date last seen Price effective from Koha item type
        Indian Institute of Public Administration Indian Institute of Public Administration 2002-10-30 Y7x54 D221 71318 2018-07-21 2018-07-21 Book

Powered by Koha